Movies Quiz

Random Movies or Quote Quiz

Will Smith Movie Quotes Quiz Stats

 Plays Quiz not verified by Sporcle

Also try: A Movie Rainbow
Challenge
Share
Tweet
Embed
Score 0/16 Timer 03:00
0 Plays Today
Quote Movie % Correct
'You know the difference between you and me? I make this look good.'Men in Black
83.6%
'I really don't think they flew 90 billion light years to start a fight and get all rowdy.'Independence Day
79.7%
'Unlimited technology from the whole universe, and we cruise 'round in a Ford P.O.S.'Men in Black
78.1%
'Float like a butterfly, sting like a bee His hands can't hit what his eyes can't see' Ali
69.2%
'That's what I call a close encounter.' Independence Day
62.1%
That was definatly a 9.5 on my weird shitometerMen in Black
54.5%
'I hear you lost your swing. I guess we got to go find it.'The Legend of Bagger Vance
50.8%
'Call me an **** one more time.' Hancock
48.4%
Quote Movie % Correct
'I'm not really a shark slayer... I lied'Shark Tale
46.7%
'I can save you, I can fix this'I Am Legend
43.4%
'Elvis, has left the building'Independence Day
34.9%
'Sir hold my pie. Sir, hold it or wear it.'I. Robot
28.7%
Look, I understand you have experienced a loss, but this relationship just can't work. I mean, you're a cat. I'm black. I'm not going to be hurt again.I. Robot
28%
'I'm the first man in the door and the last man to leave.'Bad Boys
26.7%
'I'm sick of this, you either shoot me, or tell me what the f*ck is going on!' Enemy of the State
17%
'That's it, no more Mr. Knife guy' Wild Wild West
14.9%

You're not logged in!

Compare scores with friends on all Sporcle quizzes.
OR
Log In

You Might Also Like...

Show Comments

Extras

Top Quizzes Today


Score Distribution

Your Account Isn't Verified!

In order to create a playlist on Sporcle, you need to verify the email address you used during registration. Go to your Sporcle Settings to finish the process.

Report this User

Report this user for behavior that violates our Community Guidelines.

Details: